000 00703nam a2200229Ia 4500
003 OSt
005 20220928112625.0
006 a|||||r|||| 00| 0
007 ta
008 220927b |||||||| |||| 00| 0 eng d
024 _a34012
037 _cReference Collections
040 _aSDCL
_cSDCL
_beng
041 _2eng
_aeng
082 _aV2.11'N77t, L9 RR
100 _aINDIA.INQUIRY(Commission of-)(1977) (Chairman A N Grover)
_9429011
245 0 _aSecond final report, 1979.
260 _c1979
300 _alxxiv,396p
_ccm.
942 _hV2.11'N77t, L9 RR
_cREF
_2CC
999 _c745490
_d745490